000 00666nam a2200205 a 4500
001 BRCA_2074
005 20190320203646.0
008 080808s1998----sp-a---###---#000-0#spa-#
020 _a849235965X
050 4 _aHD9787
_b.P38 1998
100 1 _aPattison, Angela
_96306
245 1 0 _aUn siglo de calzado
_biconos de los estilos en el siglo XX
_cAngela Pattison, Nigel Cawthorne.
260 _aEspaña
_bStatus
_c1998
300 _a160 p.
_bil. (algunas a color)
_c30 cm.
500 _aTraducción de : A Century of Shoes
500 _aIncluye índice alfabético
650 1 4 _aCalzado
_xHistoria
_ySiglo XX
_96307
700 1 _aCawthorne, Nigel
_96308
942 _2lcc
_cB
999 _c1832
_d1832